| 000 | 00388nam a2200145Ia 4500 | ||
|---|---|---|---|
| 100 | _aTyagi M.S. | ||
| 650 | _aElectrical Engineering | ||
| 942 | _cBK | ||
| 654 | _aIntrod to semiconductor materials & devices | ||
| 245 | _aIntroduction to Semiconductor Materials & Devices | ||
| 260 |
_bJohn Wiley _aNew York _c1991 |
||
| 082 | _a621.38152 | ||
| 546 | _aENGLISH | ||
| 999 |
_c33590 _d33590 |
||